000 01271nam a2200349 a 4500
001 1472649
003 CO-ViMGA
005 20230915233615.0
008 180418s2015 ck a gr 000 f spa d
020 _a9789583043949
040 _aCO-ViMGA
_bspa
_cCO-ViMGA
041 1 _hita
043 _ae-it---
082 0 4 _a853.91
_bA68e
_219
100 1 _aAquilino.
_91267
245 1 4 _aEn las minas de Molooc /
_cAquilino ; ilustrador Iacopo Bruno ; traducción del italiano Gabriela Garcia de la Torre.
250 _aEdición Luisa Noguera A.
260 _aBogota :̀
_bPanamericana Editorial,
_c2015.
300 _a192 páginas :
_bilustraciones ;
_c21 cm.
490 0 _aHorrendos por siempre ;
_v3
534 _pTítulo original :
_tNelle miniere di Molooc.
650 1 4 _aAmistad
_v Novela juvenil.
_91272
650 1 4 _aAmigos
_v Novela juvenil.
_91269
650 1 4 _aFealdad
_v Novela juvenil.
_91273
650 1 4 _aHistorias de aventuras.
_91271
650 1 4 _aNovela juvenil italiana.
_91268
650 1 4 _aSolidaridad
_v Novela juvenil.
_91270
700 1 _aBruno, Iacopo,
_d1964-,
_eilustrador.
_91274
700 1 _aGarcia de la Torre, Gabriela,
_d1970-,
_etraductora.
_9190
700 1 _aNoguera Arrieta, Luisa Margarita,
_eeditora.
_974
942 _2ddc
_cBK
999 _c37398
_d37398